Textbook of Mushroom (Record no. 52461)

MARC details
000 -LEADER
fixed length control field 00604nam a22002297a 4500
003 - CONTROL NUMBER IDENTIFIER
control field OSt
008 - FIXED-LENGTH DATA ELEMENTS--GENERAL INFORMATION
fixed length control field 260629b |||||||| |||| 00| 0 eng d
020 ## - INTERNATIONAL STANDARD BOOK NUMBER
International Standard Book Number 9788170196433
082 ## - DEWEY DECIMAL CLASSIFICATION NUMBER
Classification number 579.6
Item number D49T
100 ## - MAIN ENTRY--PERSONAL NAME
Personal name Devi, Sobita
245 ## - TITLE STATEMENT
Title Textbook of Mushroom
Statement of responsibility, etc. Devi, Sobita
260 ## - PUBLICATION, DISTRIBUTION, ETC. (IMPRINT)
Place of publication, distribution, etc New Delhi
Name of publisher, distributor, etc TTPP
Date of publication, distribution, etc 2019
300 ## - PHYSICAL DESCRIPTION
Extent 124p.
365 ## - TRADE PRICE
Price note 1595.00, INR
650 ## - SUBJECT ADDED ENTRY--TOPICAL TERM
Topical term or geographic name as entry element Mushrooms $v Textbooks.
650 ## - SUBJECT ADDED ENTRY--TOPICAL TERM
Topical term or geographic name as entry element Mushroom culture $v Textbooks.
650 ## - SUBJECT ADDED ENTRY--TOPICAL TERM
Topical term or geographic name as entry element Mycology $v Textbooks.
650 ## - SUBJECT ADDED ENTRY--TOPICAL TERM
Topical term or geographic name as entry element Fungi $v Textbooks.
700 ## - ADDED ENTRY--PERSONAL NAME
Personal name Lal, Abhilasha A
700 ## - ADDED ENTRY--PERSONAL NAME
Personal name Singh, Archana U
942 ## - ADDED ENTRY ELEMENTS (KOHA)
Source of classification or shelving scheme
Koha item type Books
Holdings
Withdrawn status Lost status Source of classification or shelving scheme Damaged status Not for loan Home library Current library Shelving location Date acquired Source of acquisition Currency Cost, normal purchase price Total Checkouts Full call number Barcode Date last seen Bill Date Koha item type Bill Number
          Dr. Rajendra Prasad Central Agricultural University Pusa, Dr. Rajendra Prasad Central Agricultural University Pusa, General Stacks 29/06/2026 TTPP, New Delhi INR 1595.00   579.6 D49T 87744 29/06/2026 29/01/2026 Books IN-00449
Hosted, Implemented, Customized & Maintained by: BestBookBuddies

Powered by Koha